000 00673nam a22001937a 4500
999 _c287
_d287
003 AR-CdUCM
008 190222b ||||| |||| 00| 0 spa d
040 _aMUNICIPALIDAD PROVINCIAL DEL CUSCO
_cBIBLIOTECA MUNICIPAL DEL CUSCO
082 _a811.09 /
_bY78
100 _aYoung, Thomas Daniel
_91202
245 _aEl pasado en el presente :
_bestudio temático de la novelística moderna del sur de los Estados Unidos /
260 _aMéxico :
_bN.O.E.M.A. editores,
_c1983.
300 _a208 páginas ;
_c21 cm.
650 _aLiteratura novelistica
_91203
650 _aJohn Barth
_91204
650 _aWilliam Faulkner
_91205
942 _2ddc
_cLIBROS
945 _aafb
_d2019-02-22